000 00430nam a2200169Ia 4500
008 230711s9999||||xx |||||||||||||| ||und||
020 _a978-81-259-3710-4
041 _aENG
082 _a658.01
_bBH-I
100 _aBhattacharyya,D.K
245 0 _aIndustrial Management
250 _a1st Ed.
260 _c2012
_aNew Delhi
_bVikas Publishing House Pvt Ltd.
300 _a528p.
650 _aMechanical Engineering
942 _cBK
999 _c6722
_d6722